[Event "Porto San Giorgio op 23rd"]
[Site "Porto San Giorgio"]
[Date "2011.08.21"]
[Round "1"]
[White "Piva, Giorgio"]
[Black "Gensabella, Paolo"]
[Result "1/2-1/2"]
[WhiteElo "2204"]
[BlackElo "1906"]
[PlyCount "94"]
[EventDate "2011.08.21"]
[EventType "swiss"]
[EventRounds "9"]
[EventCountry "ITA"]
[SourceTitle "CBM 144 Extra"]
[Source "ChessBase"]
[SourceDate "2011.10.28"]
[SourceVersion "1"]
[SourceVersionDate "2011.10.28"]
[SourceQuality "1"]

1. d4 d5 2. Bf4 Nf6 3. e3 e6 4. Nf3 c5 5. c3 Nc6 6. Nbd2 Bd6 7. Bg3 Qe7 8. Ne5 Bd7 9. Bd3 cxd4 10. exd4 g6 11. Qf3 Bxe5 12. dxe5 Nh5 13. Qe3 Nxg3 14. hxg3 b6 15. Rh6 Qc5 16. Qxc5 bxc5 17. f4 Rb8 18. 0-0-0 Ne7 19. Rdh1 Nf5 20. Rxh7 Rxh7 21. Rxh7 Ke7 22. Bxf5 gxf5 23. Nf3 Rb6 24. Ng5 Be8 25. Rh8 Bc6 26. Rc8 d4 27. Rc7+ Kd8 28. Rxa7 Bxg2 29. Nxf7+ Ke8 30. Nd6+ Kd8 31. b3 dxc3 32. Kc2 Bd5 33. Kxc3 Rb4 34. Ra5 Rd4 35. Rxc5 Rd1 36. Kc2 Rg1 37. Nxf5 Be4+ 38. Kb2 exf5 39. Rc3 Rb1+ 40. Ka3 Kd7 41. Re3 Ke6 42. g4 Bd5 43. gxf5+ Kxf5 44. Rd3 Be6 45. Rd4 Rf1 46. b4 Rxf4 47. Rxf4+ Kxf4 1/2-1/2

[Event "FICGS class C 000163 email"]
[Site "FICGS email"]
[Date "2010.12.08"]
[Round "1"]
[White "Gensabella, Paolo"]
[Black "Jabot, Daniel"]
[Result "0-1"]
[WhiteElo "1774"]
[BlackElo "1700"]
[PlyCount "72"]
[EventDate "2010.??.??"]
[EventType "tourn (corr)"]
[EventRounds "6"]
[SourceTitle "Corr 2013"]
[Source "ChessBase"]
[SourceDate "2012.11.12"]
[SourceVersion "1"]
[SourceVersionDate "2012.11.12"]
[SourceQuality "1"]

1. d4 Nf6 2. c4 e6 3. Nf3 g6 4. Nc3 Bg7 5. e4 d6 6. Be3 0-0 7. Be2 Nc6 8. h3 Re8 9. 0-0 h6 10. Qd2 g5 11. Nh2 e5 12. d5 Nd4 13. b4 Bd7 14. Rab1 Nxe2+ 15. Qxe2 Nh7 16. Rfc1 f5 17. exf5 Bxf5 18. Rb3 Nf6 19. Ng4 Bxg4 20. hxg4 Qd7 21. f3 e4 22. Kh1 Re7 23. Qd2 exf3 24. gxf3 Nxg4 25. fxg4 Qxg4 26. Bg1 Rf8 27. Qg2 Qh4+ 28. Qh2 Qxc4 29. Qc2 Rf4 30. Nb1 Qxd5+ 31. Qg2 Rh4+ 32. Bh2 Qxg2+ 33. Kxg2 Re2+ 34. Kf1 Rhxh2 35. Rxc7 Rhf2+ 36. Kg1 Bd4 0-1

[Event "FICGS class C 000163 email"]
[Site "FICGS email"]
[Date "2010.12.08"]
[Round "1"]
[White "Gensabella, Paolo"]
[Black "Satonnet, Patrick"]
[Result "1-0"]
[WhiteElo "1774"]
[BlackElo "1613"]
[PlyCount "49"]
[EventDate "2010.??.??"]
[EventType "tourn (corr)"]
[EventRounds "6"]
[SourceTitle "Corr 2013"]
[Source "ChessBase"]
[SourceDate "2012.11.12"]
[SourceVersion "1"]
[SourceVersionDate "2012.11.12"]
[SourceQuality "1"]

1. d4 d5 2. c4 dxc4 3. Nc3 a6 4. e4 b5 5. a4 b4 6. Na2 Bb7 7. f3 Nc6 8. d5 Na5 9. Bd2 e6 10. dxe6 fxe6 11. Bxb4 Qxd1+ 12. Rxd1 Bxb4+ 13. Nxb4 Rb8 14. Rc1 Bc8 15. Nc2 Ne7 16. Na3 Rxb2 17. Nxc4 Nxc4 18. Rxc4 Bd7 19. Rxc7 Nc6 20. Bxa6 Ke7 21. Bb5 Kd6 22. Rb7 Ne5 23. f4 Nd3+ 24. Bxd3 Rxb7 25. Nf3 1-0

[Event "FICGS class C 000163 email"]
[Site "FICGS email"]
[Date "2010.12.08"]
[Round "1"]
[White "Gensabella, Paolo"]
[Black "Vollmer, Steve"]
[Result "1/2-1/2"]
[WhiteElo "1774"]
[BlackElo "1615"]
[PlyCount "124"]
[EventDate "2010.??.??"]
[EventType "tourn (corr)"]
[EventRounds "6"]
[SourceTitle "Corr 2013"]
[Source "ChessBase"]
[SourceDate "2012.11.12"]
[SourceVersion "1"]
[SourceVersionDate "2012.11.12"]
[SourceQuality "1"]

1. d4 d5 2. c4 e6 3. Nc3 Nf6 4. e3 Be7 5. Nf3 0-0 6. Bd3 Nbd7 7. 0-0 a6 8. e4 dxe4 9. Nxe4 Nxe4 10. Bxe4 Nf6 11. Bd3 c5 12. dxc5 Bxc5 13. Qc2 h6 14. Bd2 Qc7 15. b4 Be7 16. Bc3 Bd7 17. Rfe1 Bc6 18. Ne5 Rac8 19. Rac1 Rfd8 20. a4 Be8 21. h3 Nd7 22. c5 Nf6 23. Nc4 Bxa4 24. Qxa4 Rxd3 25. Be5 Qc6 26. Qxc6 bxc6 27. Nb6 Rcd8 28. Ra1 Rb3 29. Rxa6 Rxb4 30. Bc7 Rd3 31. Nc8 Bxc5 32. Rxc6 Rc4 33. Bb6 Rdc3 34. Bxc5 Rxc5 35. Rxc5 Rxc5 36. Nb6 g5 37. Rd1 Rc7 38. Kf1 Kg7 39. Rd4 Rb7 40. Nc8 Nd5 41. Rd1 Nc3 42. Rc1 Rb1 43. Rxb1 Nxb1 44. Nd6 Nc3 45. Ke1 Kg6 46. Kd2 Nd5 47. Ke2 f5 48. g3 h5 49. Kf3 h4 50. Ke2 hxg3 51. fxg3 e5 52. Kd3 Ne7 53. Ke3 Kf6 54. g4 Ke6 55. Nb7 Kd5 56. Nd8 f4+ 57. Kf2 Ng6 58. Nf7 Nh4 59. Nxg5 e4 60. Ke2 e3 61. Kd3 Ke5 62. Ke2 Kd4 1/2-1/2

[Event "FICGS class C 000163 email"]
[Site "FICGS email"]
[Date "2010.12.08"]
[Round "1"]
[White "Von Buttlar, Paul"]
[Black "Gensabella, Paolo"]
[Result "1-0"]
[WhiteElo "1716"]
[BlackElo "1774"]
[PlyCount "111"]
[EventDate "2010.??.??"]
[EventType "tourn (corr)"]
[EventRounds "6"]
[SourceTitle "Corr 2013"]
[Source "ChessBase"]
[SourceDate "2012.11.12"]
[SourceVersion "1"]
[SourceVersionDate "2012.11.12"]
[SourceQuality "1"]

1. c4 c5 2. Nc3 Nc6 3. Nf3 g6 4. d4 cxd4 5. Nxd4 Bg7 6. e3 Nf6 7. Be2 d6 8. 0-0 0-0 9. b3 Bd7 10. Bb2 Rc8 11. Rc1 Ne5 12. Qd2 Bc6 13. Nxc6 Nxc6 14. Bf3 Qd7 15. Rfd1 Ne5 16. Be2 h5 17. f4 Neg4 18. h3 Nh6 19. e4 Rfd8 20. Bf3 Ne8 21. Qe2 e6 22. Qf2 b6 23. Rc2 Qe7 24. Rcd2 Kh7 25. g4 Qc7 26. Nb5 Qc5 27. Bxg7 Qxf2+ 28. Kxf2 Kxg7 29. Nxd6 Nxd6 30. Rxd6 Rxd6 31. Rxd6 hxg4 32. hxg4 Rc7 33. g5 Ng8 34. Ke3 Ne7 35. a3 Nc6 36. e5 Na5 37. Bd1 Kf8 38. Kd3 Ke7 39. Kc3 Rc8 40. Bf3 Rc7 41. Be4 Rc8 42. Rd1 Nc6 43. b4 Nb8 44. Rd6 Rh8 45. c5 bxc5 46. bxc5 Rc8 47. Kb4 Nd7 48. Bc6 Rb8+ 49. Bb5 Nf8 50. c6 Rd8 51. Kc5 Rc8 52. Ba6 Rc7 53. Rd3 Nh7 54. Bb7 Nf8 55. Kb5 Nh7 56. Ka6 1-0

[Event "FICGS class C 000116 email"]
[Site "FICGS email"]
[Date "2009.06.04"]
[Round "1"]
[White "Gensabella, Paolo"]
[Black "Cridland, Graham M"]
[Result "1/2-1/2"]
[WhiteElo "1858"]
[BlackElo "1653"]
[PlyCount "92"]
[EventDate "2009.??.??"]
[EventType "tourn (corr)"]
[EventRounds "4"]
[SourceTitle "Corr 2022"]
[Source "ChessBase"]
[SourceDate "2021.10.24"]
[SourceVersion "1"]
[SourceVersionDate "2021.10.24"]
[SourceQuality "1"]

1. e4 c5 2. Nf3 Nc6 3. d4 cxd4 4. Nxd4 e6 5. c3 Nf6 6. Bg5 Qb6 7. Nd2 Nxd4 8. Bxf6 gxf6 9. Nc4 Qc6 10. Qxd4 Be7 11. 0-0-0 b5 12. Ne3 b4 13. Bd3 bxc3 14. Qxc3 Bb7 15. Qxc6 Bxc6 16. f3 Bc5 17. Ng4 Ke7 18. Kb1 Rab8 19. Rhe1 Bd4 20. b3 Rhg8 21. Bc4 Be5 22. Nxe5 fxe5 23. Rd2 a5 24. Red1 a4 25. g3 axb3 26. Bxb3 d5 27. Rc1 Kd6 28. exd5 exd5 29. Ka1 Rgd8 30. Rdc2 Bb7 31. Rc7 Rdc8 32. Rxc8 Rxc8 33. Rxc8 Bxc8 34. Kb2 f5 35. Kc3 Kc5 36. Kd2 Ba6 37. Bc2 e4 38. fxe4 fxe4 39. g4 h6 40. h4 Kd6 41. g5 hxg5 42. hxg5 Ke5 43. g6 Kf6 44. Ke3 Kxg6 45. Bxe4+ dxe4 46. Kxe4 Bf1 1/2-1/2

[Event "FICGS class C 000116 email"]
[Site "FICGS email"]
[Date "2009.06.04"]
[Round "1"]
[White "Gensabella, Paolo"]
[Black "Rusli, Rafnizar"]
[Result "1-0"]
[WhiteElo "1858"]
[BlackElo "1800"]
[PlyCount "71"]
[EventDate "2009.??.??"]
[EventType "tourn (corr)"]
[EventRounds "4"]
[SourceTitle "Corr 2022"]
[Source "ChessBase"]
[SourceDate "2021.10.24"]
[SourceVersion "1"]
[SourceVersionDate "2021.10.24"]
[SourceQuality "1"]

1. d4 d5 2. c4 c6 3. e3 Nf6 4. Nf3 e6 5. Nc3 Nbd7 6. Bd3 dxc4 7. Bxc4 b5 8. Bd3 a6 9. 0-0 c5 10. dxc5 Nxc5 11. Bc2 Qc7 12. a3 Bb7 13. Qe2 Bd6 14. h3 0-0 15. Nd4 Rac8 16. b4 Nce4 17. Nxe4 Nxe4 18. Bxe4 Bxe4 19. Bb2 Qb7 20. f3 Bd5 21. Rfc1 Bc4 22. Qe1 Bb8 23. f4 Qe4 24. Qf2 e5 25. fxe5 Qxe5 26. Nf3 Qh5 27. Bd4 Rc6 28. Nd2 Rg6 29. Nxc4 bxc4 30. Kh1 Rc8 31. Rf1 Qd5 32. Rad1 Qd6 33. Qxf7+ Kh8 34. Be5 Rf6 35. Bxd6 Rxf7 36. Rxf7 1-0

[Event "FICGS W-ch st1 g04 email"]
[Site "FICGS email"]
[Date "2009.02.03"]
[Round "1"]
[White "Groves, Don"]
[Black "Gensabella, Paolo"]
[Result "1/2-1/2"]
[WhiteElo "1908"]
[BlackElo "1868"]
[PlyCount "95"]
[EventDate "2009.??.??"]
[EventType "tourn (corr)"]
[EventRounds "8"]
[SourceTitle "Corr 2022"]
[Source "ChessBase"]
[SourceDate "2021.10.24"]
[SourceVersion "1"]
[SourceVersionDate "2021.10.24"]
[SourceQuality "1"]

1. e4 e5 2. Nf3 Nc6 3. Bb5 d6 4. d4 exd4 5. Qxd4 Bd7 6. Bxc6 Bxc6 7. 0-0 Nf6 8. Re1 Be7 9. e5 dxe5 10. Qxe5 Bxf3 11. gxf3 Kf8 12. Nc3 Qd6 13. Qxd6 Bxd6 14. Nb5 Ne8 15. Be3 a6 16. Nxd6 Nxd6 17. Bf4 Rd8 18. Rad1 f6 19. Bxd6+ cxd6 20. Re6 Kf7 21. Rexd6 Rxd6 22. Rxd6 Rc8 23. Rd7+ Kg6 24. Rxb7 Rxc2 25. Kg2 Rd2 26. Rb6 Rc2 27. a4 a5 28. Rb5 Rd2 29. f4 h6 30. Kg3 Rd3+ 31. Kg4 Rd4 32. b3 Rd3 33. f5+ Kh7 34. h4 Rd4+ 35. f4 Rd3 36. h5 Re3 37. Rxa5 Rxb3 38. Ra7 Rb1 39. a5 Rg1+ 40. Kf3 Rh1 41. a6 Rxh5 42. Kg4 Rh1 43. Rb7 Ra1 44. a7 Ra3 45. Re7 Ra4 46. Rc7 Ra3 47. Rf7 Ra4 48. Re7 1/2-1/2

[Event "FICGS W-ch st1 g04 email"]
[Site "FICGS email"]
[Date "2009.02.03"]
[Round "1"]
[White "Lipsits, Sasha"]
[Black "Gensabella, Paolo"]
[Result "1-0"]
[WhiteElo "1723"]
[BlackElo "1868"]
[PlyCount "51"]
[EventDate "2009.??.??"]
[EventType "tourn (corr)"]
[EventRounds "8"]
[SourceTitle "Corr 2022"]
[Source "ChessBase"]
[SourceDate "2021.10.24"]
[SourceVersion "1"]
[SourceVersionDate "2021.10.24"]
[SourceQuality "1"]

1. e4 e5 2. Nf3 Nc6 3. Bb5 d6 4. d4 exd4 5. Nxd4 Bd7 6. Nc3 Nf6 7. 0-0 Be7 8. Re1 0-0 9. Bxc6 Bxc6 10. Nxc6 bxc6 11. Qd3 Re8 12. Bf4 Nd7 13. Qc4 Nc5 14. Be3 Qb8 15. b4 Ne6 16. Qxc6 Qxb4 17. Rab1 Qa5 18. Rb5 Qa3 19. Bc1 Nd4 20. Qxa8 Rxa8 21. Bxa3 Nxc2 22. Reb1 Nxa3 23. Rb8+ Rxb8 24. Rxb8+ Bf8 25. Ra8 f6 26. Rxa7 1-0

[Event "FICGS W-ch st1 g07 email"]
[Site "FICGS email"]
[Date "2008.07.29"]
[Round "1"]
[White "Thomas, Joseph"]
[Black "Gensabella, Paolo"]
[Result "0-1"]
[WhiteElo "1851"]
[BlackElo "1941"]
[PlyCount "22"]
[EventDate "2008.??.??"]
[EventType "tourn (corr)"]
[EventRounds "8"]
[SourceTitle "Corr 2022"]
[Source "ChessBase"]
[SourceDate "2021.10.24"]
[SourceVersion "1"]
[SourceVersionDate "2021.10.24"]
[SourceQuality "1"]

1. e4 e6 2. d4 d5 3. Nc3 dxe4 4. Nxe4 Bd7 5. Nf3 Bc6 6. Bd3 Nd7 7. 0-0 Ngf6 8. Ned2 Be7 9. c3 0-0 10. Qe2 Bxf3 11. Nxf3 c5 0-1

[Event "FICGS class C 000083 email"]
[Site "FICGS email"]
[Date "2008.06.06"]
[Round "1"]
[White "Gensabella, Paolo"]
[Black "Delcaldo, Ramon"]
[Result "1/2-1/2"]
[WhiteElo "1966"]
[BlackElo "1758"]
[PlyCount "24"]
[EventDate "2008.??.??"]
[EventType "tourn (corr)"]
[EventRounds "4"]
[SourceTitle "Corr 2022"]
[Source "ChessBase"]
[SourceDate "2021.10.24"]
[SourceVersion "1"]
[SourceVersionDate "2021.10.24"]
[SourceQuality "1"]

1. d4 Nf6 2. c4 g6 3. Nc3 c5 4. d5 d6 5. e4 Bg7 6. Bd3 0-0 7. Nge2 Na6 8. 0-0 Nb4 9. Bb1 Bd7 10. a3 Na6 11. Bg5 h6 12. Bd2 Nc7 1/2-1/2

[Event "SEMI B003 corr"]
[Site "SEMI email"]
[Date "1999.??.??"]
[Round "?"]
[White "Gensabella, Paolo"]
[Black "Marcotulli, Giancarlo"]
[Result "0-1"]
[WhiteElo "1651"]
[BlackElo "1600"]
[PlyCount "38"]
[EventDate "1999.11.22"]
[EventType "tourn (corr)"]
[EventRounds "6"]
[EventCountry "ITA"]
[SourceTitle "Corr 2002"]
[Source "ChessBase"]
[SourceDate "2002.05.23"]
[SourceVersion "1"]
[SourceVersionDate "2002.05.23"]
[SourceQuality "1"]

1. d4 Nf6 2. c4 e6 3. Nc3 Bb4 4. a3 Bxc3+ 5. bxc3 c5 6. e3 0-0 7. Nf3 d5 8. Bd3 dxc4 9. Bxc4 Qc7 10. Bd3 cxd4 11. cxd4 Qc3+ 12. Qd2 Qxa1 13. 0-0 Bd7 14. Ne5 Rc8 15. Nc4 Ba4 16. Bb2 Qa2 17. Ra1 Qb3 18. Rb1 Rxc4 19. Ba1 Rc2 0-1